000 00774cam a22002292 4500
001 0000024194
005 20151021151152.0
008 130618s xx 000 0 eng d
020 _a0852976208 :
040 _aKABU
_cKABU
100 1 _aHughes, Duncan.
_@0000184175
245 1 0 _aAsset management in theory and practice /
_cDuncan Hughes.
250 _a1st ed.
260 _aCanterbury, England :
_bFinancial World Publishing,
_c2002.
300 _a248 p.
650 0 _aPortfolio management.
_@0000152629
650 0 _aAsset-liability management.
_@0000152527
852 1 _9p2780 KES
852 1 _9p2780 KES
908 _a130618
950 _@1
999 _c1436
_d1436